Japanese Kanji Grade 4 - Statistics

General Stats
  • This quiz has been taken 2,164 times
  • The average score is 60 of 200
Answer Stats
Hint Answer % Correct
not, negative
80%
like
69%
love
58%
England
55%
first time
52%
work
52%
cool
50%
gentleman, samurai
50%
faith, trust, believe
49%
good
49%
husband
49%
laugh, smile
49%
strange, change
49%
nothing, none
47%
yesterday
47%
fruit, achieve, accomplish
46%
low, short
46%
separate, to part, special, distinct
46%
kill
45%
most
45%
salt
45%
war, battle
45%
attach
44%
cry
44%
history
42%
example, custom
41%
fly
41%
people, nation
41%
relation, go-between
41%
add, increase
40%
loss, error, fault
40%
old age, old man
40%
borrow, rent
39%
build
39%
courage, brave
39%
graduate
39%
machine, loom
39%
soldier, army, warfare
39%
heat, hot, passion
38%
perfect, complete
38%
remember, memorize
38%
seasons
38%
simple, single
38%
bake, burn
37%
conflict, compete, dispute
37%
便 convenience, feces, flight, letter
37%
halt, to stop
37%
hope, wish, rare
37%
instrument, tool, container
37%
meal, cooked rice
37%
rank, grade, throne, crown
37%
seat, location, occasion
37%
special
37%
transmit, follow, legend, tradition
37%
child, offspring, newborn
36%
elephant, phenomenon
36%
together, both
36%
continuation, curriculum
35%
end, tip
35%
fishing
35%
harden, set, solid
35%
hope, desire
35%
lamp, light
35%
order, command
35%
pack, wrap, cover
35%
side, near
35%
street, town
35%
vegetable
35%
virus, germ, poison
35%
circumference, circuit
34%
continue
34%
health
34%
inevitable, without exception
34%
mark, symbol, imprint,
34%
participate, go, visit
34%
request, wish
34%
cooperation
33%
hundred million
33%
select, elect, choose
33%
-un, not yet
33%
each, every
32%
labour, effort
32%
need, main point
32%
pine tree
32%
put, place
32%
trillion, sign, omen
32%
clothes, garment
31%
illuminate, shine
31%
method, rule, law
31%
plum
31%
remain, leftover
31%
scenery, view
31%
surround, enclose, fence
31%
army, force
30%
become, turn into
30%
chant, recite, yell
30%
fold, break, opportunity
30%
give birth, produce
30%
grandchild, descendant
30%
material, wood, lumber
30%
stomach
30%
surname
30%
bundle
29%
fee
29%
full, satisfied
29%
storage, warehouse
29%
toil, effort, as much as possible
29%
celebrate, congratulate
28%
govern, rule, heal, fix
28%
hall
28%
paper money, ticket, receipt, tag
28%
profit, advantage
28%
quiet, silent
28%
species, kind, seed
28%
try, test
28%
emulate, compete, contest
27%
lack, fail, yawn
27%
nest, hive, den
27%
wheel, ring, circle
27%
bathe, shower
26%
climate, weather
26%
failure, defeat
26%
flag
26%
promise, approximately
26%
rejoice, delight
26%
because, by means of, compared with
25%
belt, sash
25%
bottom, depth
25%
harm
25%
mark, target, object, adjective ending
25%
mirror
25%
model, type
25%
pole, very
25%
pure, clear
25%
shallow
25%
vote, ballot
25%
want, request
25%
art, craft
24%
machine, contraption
24%
observe, look, appearance
24%
opinion, theory, explanation
24%
print
24%
salvation,help
24%
bind, tie
23%
difference, distinction
23%
ease, peace
23%
gain, acquire, to be able
23%
attain, reach, plural suffix
22%
code, rule
22%
director, rule, lead, office
22%
flour, powder
22%
inform, reveal, tell
22%
plan, suggestion
22%
quantity, amount
22%
achievement, success
21%
dr., expert, esteem
21%
government official, bureaucrat
21%
idea, sense, desire
21%
environ, vicinity, neighborhood
20%
prosperity, flourish
20%
reform, improvement
20%
assistant, deputy, -vice
19%
connection, relation, barrier
19%
pipe, tube, control
19%
sprout, bud
19%
verify
19%
signpost, mark
18%
sort, kind, type
18%
navigate, fly, sail
17%
prize, reward, praise
17%
vein, pulse
17%
land
16%
obey, order, turn
16%
record, transcript
16%
resign, speech, term, word
16%
salary, wage
16%
scatter, disperse
16%
section, lesson
16%
urban prefecture
16%
chronicle, annals, period
15%
expense, cost
15%
raise, rise
15%
diameter, path
14%
intestines
14%
junior, vain, futile
14%
occassion, period, joint, knob
14%
retainer, subject
14%
saving
14%
take along, connect, join
14%
instruction, kunyomi
13%
pasture, breed
13%
so, thus
13%
government ministry, omit
12%
guess, presume
12%
party, company, group
12%
debate, discussion, deliberation
11%
raise, bring up, foster
11%
goods, cargo, freight
10%
intention, plan, pile up, amass
10%
county, district
9%
No matching quizzes found
Score Distribution
Percent of People with Each Score
Percentile by Number Answered
Your Score History
You have not taken this quiz